Общая теория статистики (Запис № 309833)

МАРК-запис
000 -Лідер
fixed length control field 00662nam a22002537a 4500
003 - Ідентифікатор контрольного номера
control field UA-OsUOA
001 - Контрольний номер
control field 23581
007 - Фіксоване поле фізичного опису
fixed length control field ta
008 - Елементи даних фіксованої довжини – загальна інформація
fixed length control field 20040126b un ||||| |||| 00| 0 ukr d
090 ## - Локальний шифр розміщення
Класифікаційний індекс УДК 311
Авторський знак (НП) О-28
040 ## - Джерело каталогізації
Агенція оригінальної каталогізації UA-OsUOA
Мова каталогізації rus
Агенція, яка здійснювала перезапис UA-OsUOA
Агенція, яка здійснювала модифікацію UA-OsUOA
041 ## - Код мови
Код мови тексту/ звукової доріжки чи окремого заголовка (П) rus
080 ## - Індекс Універсальної десяткової класифікації
Індекс Універсальної десяткової класифікації (УДК) (НП) 311
020 ## - Міжнародний стандартний книжковий номер (ISBN)
Міжнародний стандартний книжковий номер (ISBN) (НП) 5-279-01832-5
044 ## - Код країни видавця/ виробника
Код країни видавця/ виробника (П) RU
245 ## - Відомості про назву
Назва (НП) Общая теория статистики
Решта назви (НП) Учебник
Дані про відповідальність (НП) Ред. А.А.Спирин О.Э.Башина
260 ## - Публікація, розповсюдження і т.п. (Вихідні дані)
Місце публікації, розповсюдження і т.п. (П) Москва
Ім’я/ наймення видавництва, розповсюджувача і т.п. (П) Финансы и статистика
Дата публікації, розповсюдження і т.п. (П) 1997
250 ## - Відомості про видання (редакцію)
-- 4-е изд.
300 ## - Фізичний опис
Обсяг 296 с.
650 #7 - Додаткове предметне введення – тематичний термін
Джерело заголовка чи терміна UDC
942 ## - Додаткові елементи входу (Коха)
Тип елемента Koha Книги
955 ## - Код типу видання за змістом
Код типу видання за змістом (НП) інше
Фонди
Стан вилучень Стан втрат Джерело класифікації або схеми стелажів Стан уражень Не для кредиту Постійне місце розташування Поточне розміщення Дата придбання Інвентарний номер Усього замовленно Повний номер виклику Штрих-код Дата останнього перегляду Ціна ефективна від Тип елемента Koha Вартість, звичайна ціна покупки
    Universal Decimal Classification     АБ - Абонемент НБ АБ - Абонемент НБ 18/07/2006 44096   311 О-28 44096 08/11/2021 26/01/2004 Книги  
    Universal Decimal Classification     АБ - Абонемент НБ АБ - Абонемент НБ 18/07/2006 44098   311 О-28 44098 08/11/2021 26/01/2004 Книги  
    Universal Decimal Classification     ЧЗ - Читальна зала ЧЗ - Читальна зала 26/01/2004 64083   311 О-28 64083 06/02/2022 26/01/2004 Книги 2.00
    Universal Decimal Classification     ЧЗ - Читальна зала ЧЗ - Читальна зала 26/01/2004 64084   311 О-28 64084 09/12/2021 26/01/2004 Книги 2.00
    Universal Decimal Classification     ЧЗ - Читальна зала ЧЗ - Читальна зала 26/01/2004 64085   311 О-28 64085 06/02/2022 26/01/2004 Книги 2.00
    Universal Decimal Classification     ЧЗ - Читальна зала ЧЗ - Читальна зала 26/01/2004 64086   311 О-28 64086 17/12/2021 26/01/2004 Книги 23.35
    Universal Decimal Classification     ЧЗ - Читальна зала ЧЗ - Читальна зала 26/01/2004 64087   311 О-28 64087 09/12/2021 26/01/2004 Книги 5.00
    Universal Decimal Classification     ЧЗ - Читальна зала ЧЗ - Читальна зала 26/01/2004 64088   311 О-28 64088 09/12/2021 26/01/2004 Книги 30.00
    Universal Decimal Classification     ЧЗ - Читальна зала ЧЗ - Читальна зала 26/01/2004 64089   311 О-28 64089 09/12/2021 26/01/2004 Книги 28.00
    Universal Decimal Classification     ЧЗ - Читальна зала ЧЗ - Читальна зала 26/01/2004 64090   311 О-28 64090 06/02/2022 26/01/2004 Книги 28.00
    Universal Decimal Classification     ЧЗ - Читальна зала ЧЗ - Читальна зала 26/01/2004 64091   311 О-28 64091 06/02/2022 26/01/2004 Книги 27.82